| 000 | 00903cam a22002773a 4500 | ||
|---|---|---|---|
| 001 | 7356 | ||
| 003 | PGUSA | ||
| 005 | 20140828083144.0 | ||
| 008 | 050101s2005||||xxu|||||s|||||000 1 eng d | ||
| 040 |
_aPGUSA _beng |
||
| 042 | _adc | ||
| 050 | 4 | _aPZ | |
| 050 | 4 | _aPS | |
| 100 | 1 |
_aRalphson, G. Harvey _q(George Harvey), _d1879-1940 |
|
| 245 | 1 | 4 |
_aThe Boy Scout Camera Club; Or, the Confession of a Photograph _h[electronic resource] / _cG. Harvey Ralphson |
| 260 |
_bProject Gutenberg, _c2005 |
||
| 506 | _aPublic domain in the USA. | ||
| 516 | _aElectronic text | ||
| 653 | _aUnited States. Secret Service -- Juvenile fiction | ||
| 653 | _aPhotography -- Juvenile fiction | ||
| 653 | _aAppalachian Mountains -- Juvenile fiction | ||
| 653 | _aBoy Scouts of America -- Juvenile fiction | ||
| 830 | 0 |
_aProject Gutenberg _v7356 |
|
| 856 | 4 | 0 | _uhttp://www.gutenberg.org/ebooks/7356 |
| 942 | _cEB | ||
| 999 |
_c236676 _d236676 |
||